[Event "Rostock SSC op 13th"]
[Site "Rostock"]
[Date "2014.07.27"]
[Round "7"]
[White "Jaehn, Janis"]
[Black "Pantsernaya, Sofya"]
[Result "1/2-1/2"]
[WhiteElo "1769"]
[BlackElo "1170"]
[PlyCount "68"]
[EventDate "2014.07.23"]
[EventType "swiss"]
[EventRounds "7"]
[EventCountry "GER"]
[SourceTitle "EXT 2018"]
[Source "ChessBase"]
[SourceDate "2017.10.13"]
[SourceVersion "1"]
[SourceVersionDate "2017.10.13"]
[SourceQuality "1"]

1. b3 d5 2. f4 c5 3. e3 Nc6 4. Nf3 Nf6 5. Bb2 Bg4 6. Bb5 e6 7. h3 Bxf3 8. Qxf3 a6 9. Be2 Bd6 10. d3 Nb4 11. Bd1 0-0 12. Nd2 Nc6 13. Be2 e5 14. 0-0-0 Re8 15. g3 Rc8 16. Qf2 b5 17. Bf1 b4 18. Bg2 Qa5 19. Kb1 Qb5 20. e4 d4 21. Nc4 Bc7 22. f5 a5 23. Kc1 a4 24. Kd2 a3 25. Bc1 Na7 26. Ke2 Qd7 27. Nd2 Nb5 28. Nb1 h6 29. g4 Nh7 30. Bf3 Bd8 31. h4 f6 32. Rdg1 Nd6 33. Rg2 Nf7 34. Rhg1 Be7 1/2-1/2

[Event "Rostock SSC op 12th"]
[Site "Rostock"]
[Date "2013.08.04"]
[Round "7"]
[White "Jaehn, Janis"]
[Black "Morosova, Svetlana"]
[Result "1-0"]
[WhiteElo "1747"]
[BlackElo "1689"]
[PlyCount "71"]
[EventDate "2013.07.31"]
[EventType "swiss"]
[EventRounds "7"]
[EventCountry "GER"]
[SourceTitle "EXT 2018"]
[Source "ChessBase"]
[SourceDate "2017.10.13"]
[SourceVersion "1"]
[SourceVersionDate "2017.10.13"]
[SourceQuality "1"]

1. Nf3 Nf6 2. e3 g6 3. b3 Bg7 4. Bb2 d6 5. c4 c5 6. Be2 0-0 7. d3 Nc6 8. Nbd2 a6 9. Qc2 Bf5 10. 0-0 b5 11. Nh4 Bd7 12. Rae1 Nb4 13. Qb1 Nc6 14. f4 e6 15. g3 Ne7 16. Bd1 Bc6 17. Qa1 Ne8 18. d4 cxd4 19. exd4 b4 20. Ndf3 Qb8 21. Bc2 Qb7 22. Qd1 Nf6 23. Ng5 h6 24. Nxe6 fxe6 25. Rxe6 Be8 26. d5 Nf5 27. Nxf5 gxf5 28. Bxf5 Nxd5 29. Bxg7 Rxf5 30. Qg4 Qxg7 31. Qxf5 Qd4+ 32. Rf2 Ne3 33. Rxe3 Qxe3 34. Qd5+ Kg7 35. Qxa8 Qe1+ 36. Kg2 1-0

[Event "Rostock SSC 07 op 11th"]
[Site "Rostock"]
[Date "2012.08.01"]
[Round "1"]
[White "Jaehn, Janis"]
[Black "Reyer, Ulli"]
[Result "0-1"]
[WhiteElo "1777"]
[BlackElo "2190"]
[PlyCount "26"]
[EventDate "2012.08.01"]
[EventType "swiss"]
[EventRounds "7"]
[EventCountry "GER"]
[SourceTitle "EXT 2017"]
[Source "ChessBase"]
[SourceDate "2016.10.25"]
[SourceVersion "1"]
[SourceVersionDate "2016.10.25"]
[SourceQuality "1"]

1. f4 Nf6 2. Nf3 g6 3. g3 Bg7 4. d3 d6 5. Bg2 Nbd7 6. e4 e5 7. c3 0-0 8. 0-0 c6 9. Qe1 Re8 10. Nh4 exf4 11. gxf4 Nc5 12. Rf3 Nh5 13. Qf2 Bf6 0-1

[Event "Mecklenburg VP-ch"]
[Site "Greifswald"]
[Date "2011.10.30"]
[Round "5.11"]
[White "Jaehn, Janis"]
[Black "Kriese, Ralf"]
[Result "1/2-1/2"]
[WhiteElo "1780"]
[BlackElo "1820"]
[PlyCount "82"]
[EventDate "2011.10.28"]
[EventType "swiss"]
[EventRounds "7"]
[EventCountry "GER"]
[SourceTitle "EXT 2022"]
[Source "ChessBase"]
[SourceDate "2021.10.06"]
[SourceVersion "1"]
[SourceVersionDate "2021.10.06"]
[SourceQuality "1"]

1. f4 d5 2. Nf3 Nf6 3. g3 Bg4 4. Bg2 c6 5. 0-0 Nbd7 6. Ne5 Qb6+ 7. Kh1 h5 8. h3 h4 9. Qe1 hxg3 10. Qxg3 Bxe2 11. Re1 Bh5 12. b3 Bg6 13. Nxg6 Nh5 14. Qh4 fxg6 15. Bb2 Ndf6 16. d3 0-0-0 17. Nc3 Qd4 18. Na4 Qxf4 19. Qxf4 Nxf4 20. Re3 d4 21. Rf3 e5 22. Bc1 Nxg2 23. Kxg2 Nd5 24. Bd2 Be7 25. Re1 Bf6 26. Nc5 Rh4 27. Re4 Rdh8 28. Rxh4 Rxh4 29. Rg3 g5 30. Ne4 Nf4+ 31. Kh2 Kd7 32. Nc5+ Kc7 33. Ne4 g4 34. Bxf4 exf4 35. Rxg4 Rxg4 36. hxg4 Bh4 37. Nd2 Kd6 38. Kg2 Kc5 39. a3 a5 40. Kf3 g5 41. Ke4 Be1 1/2-1/2

[Event "Rostock SSC 07 op 10th"]
[Site "Rostock"]
[Date "2011.08.05"]
[Round "4"]
[White "Luther, Alexander"]
[Black "Jaehn, Janis"]
[Result "1-0"]
[WhiteElo "1915"]
[BlackElo "1763"]
[PlyCount "41"]
[EventDate "2011.08.03"]
[EventType "swiss"]
[EventRounds "7"]
[EventCountry "GER"]
[SourceTitle "EXT 2017"]
[Source "ChessBase"]
[SourceDate "2016.10.25"]
[SourceVersion "1"]
[SourceVersionDate "2016.10.25"]
[SourceQuality "1"]

1. e4 c5 2. Nf3 e6 3. d4 cxd4 4. Nxd4 a6 5. Nc3 d6 6. Be2 Nf6 7. f4 Qc7 8. Bf3 Nbd7 9. 0-0 Rb8 10. Kh1 b5 11. Be3 Bb7 12. a3 Nc5 13. e5 Bxf3 14. Qxf3 Nfd7 15. exd6 Bxd6 16. Rad1 0-0 17. b4 Na4 18. Nxa4 bxa4 19. Qc6 Ra8 20. Qxc7 Bxc7 21. Nxe6 1-0

[Event "Rostock SSC 07 op 09th"]
[Site "Rostock"]
[Date "2010.08.14"]
[Round "5"]
[White "Jaehn, Janis"]
[Black "Jaeger, Tobias"]
[Result "0-1"]
[WhiteElo "1735"]
[BlackElo "1809"]
[PlyCount "46"]
[EventDate "2010.08.11"]
[EventType "swiss"]
[EventRounds "7"]
[EventCountry "GER"]
[SourceTitle "EXT 2017"]
[Source "ChessBase"]
[SourceDate "2016.10.25"]
[SourceVersion "1"]
[SourceVersionDate "2016.10.25"]
[SourceQuality "1"]

1. f4 d5 2. Nf3 Nf6 3. e3 g6 4. Be2 Bg7 5. 0-0 0-0 6. Qe1 c5 7. Ne5 Nc6 8. Qh4 Qc7 9. Nxc6 bxc6 10. g4 Rb8 11. d3 Ne8 12. c3 f5 13. h3 Nd6 14. Qg3 Ba6 15. Nd2 e6 16. Rb1 Qa5 17. a3 Qb6 18. Kh1 Rbe8 19. g5 e5 20. Qf2 exf4 21. exf4 Re6 22. b4 cxb4 23. cxb4 Rfe8 0-1

[Event "Rostock SSC 07 op 09th"]
[Site "Rostock"]
[Date "2010.08.11"]
[Round "1"]
[White "Jaehn, Janis"]
[Black "Jeske, Holger"]
[Result "1-0"]
[WhiteElo "1735"]
[BlackElo "1983"]
[PlyCount "113"]
[EventDate "2010.08.11"]
[EventType "swiss"]
[EventRounds "7"]
[EventCountry "GER"]
[SourceTitle "EXT 2017"]
[Source "ChessBase"]
[SourceDate "2016.10.25"]
[SourceVersion "1"]
[SourceVersionDate "2016.10.25"]
[SourceQuality "1"]

1. f4 d6 2. Nf3 c5 3. e3 g6 4. d4 Bg7 5. Bd3 Bg4 6. c3 Nf6 7. h3 Be6 8. 0-0 c4 9. Bc2 d5 10. Nbd2 Bf5 11. g4 Bxc2 12. Qxc2 h5 13. g5 Nfd7 14. f5 Qc7 15. fxg6 Qg3+ 16. Kh1 Qxh3+ 17. Nh2 f6 18. Rf3 Qh4 19. Rf4 Qxg5 20. Ndf3 Qg3 21. Qf5 Rh6 22. Nh4 Nc6 23. Bd2 Qg5 24. Qe6 0-0-0 25. Rg1 Kc7 26. Rxg5 fxg5 27. Rf7 Bf6 28. Nf5 Rxg6 29. Nxe7 Nxe7 30. Rxe7 Bxe7 31. Qxg6 h4 32. Nf3 Rf8 33. Nxg5 Bxg5 34. Qxg5 Rf2 35. e4 dxe4 36. Qe3 Rf1+ 37. Kg2 Rd1 38. Qe2 Rb1 39. Qxc4+ Kd6 40. Bf4+ Ke7 41. Qb3 Re1 42. Qxb7 Ke6 43. Qc6+ Kf5 44. Qxd7+ Kxf4 45. Qf7+ Kg4 46. Qg6+ Kf4 47. Kf2 Rb1 48. Qh6+ Kg4 49. Qd2 h3 50. Qe2+ Kf4 51. Qe3+ Kf5 52. Qxh3+ Kf6 53. Qh4+ Kf5 54. Ke3 Rxb2 55. Qxe4+ Kg5 56. Qe7+ Kf5 57. Qxa7 1-0

[Event "Rostock op"]
[Site "Rostock"]
[Date "2009.08.30"]
[Round "7"]
[White "Bardosch, Karl"]
[Black "Jaehn, Janis"]
[Result "1-0"]
[WhiteElo "1266"]
[BlackElo "1461"]
[PlyCount "73"]
[EventDate "2009.08.27"]
[EventType "swiss"]
[EventRounds "7"]
[EventCountry "GER"]
[SourceTitle "CBM 132 Extra"]
[Source "ChessBase"]
[SourceDate "2009.11.03"]
[SourceVersion "1"]
[SourceVersionDate "2009.11.03"]
[SourceQuality "1"]

1. e4 c5 2. Nf3 e6 3. d4 cxd4 4. Nxd4 a6 5. Nc3 d6 6. Be3 Nf6 7. Be2 Qc7 8. Qd2 Be7 9. f3 b5 10. Nd1 Bb7 11. Nf2 Nbd7 12. 0-0-0 Ne5 13. Kb1 Nc4 14. Bxc4 bxc4 15. c3 0-0 16. Rde1 Rfb8 17. g4 Bc8 18. h4 d5 19. Qe2 Ba3 20. Bc1 Bd7 21. Nc2 Bf8 22. Nd1 Rb5 23. h5 Rab8 24. Reg1 a5 25. g5 Ne8 26. g6 f6 27. gxh7+ Kh8 28. h6 Bc6 29. Nd4 Bd7 30. hxg7+ Nxg7 31. Bh6 Bc8 32. Bxg7+ Bxg7 33. Nxb5 Rxb5 34. exd5 Rxd5 35. Ne3 Rd3 36. Nxc4 Qxc4 37. Rxg7 1-0

[Event "Rostock op"]
[Site "Rostock"]
[Date "2009.08.28"]
[Round "4"]
[White "Jaehn, Janis"]
[Black "Schreiber, Nico"]
[Result "1/2-1/2"]
[WhiteElo "1461"]
[BlackElo "1844"]
[PlyCount "47"]
[EventDate "2009.08.27"]
[EventType "swiss"]
[EventRounds "7"]
[EventCountry "GER"]
[SourceTitle "CBM 132 Extra"]
[Source "ChessBase"]
[SourceDate "2009.11.03"]
[SourceVersion "1"]
[SourceVersionDate "2009.11.03"]
[SourceQuality "1"]

1. e4 b6 2. Bc4 Bb7 3. Nc3 e6 4. d3 Nf6 5. Bg5 Be7 6. Qe2 Nxe4 7. Bxe7 Nxc3 8. Bxd8 Nxe2 9. Nxe2 Kxd8 10. Kd2 g6 11. f3 a5 12. a3 Nc6 13. c3 Ke7 14. Rae1 Ne5 15. Bb3 c5 16. Nf4 f6 17. d4 cxd4 18. cxd4 Nf7 19. Bd5 Bc6 20. Bxc6 dxc6 21. Rxe6+ Kd7 22. Rxf6 Nd6 23. Re1 Rhf8 24. Rxf8 1/2-1/2

[Event "Mecklenburg VP-ch U25"]
[Site "Malchow"]
[Date "2007.04.08"]
[Round "6"]
[White "Behm, Lisa"]
[Black "Jaehn, Janis"]
[Result "0-1"]
[WhiteElo "1181"]
[BlackElo "1381"]
[PlyCount "56"]
[EventDate "2007.02.03"]
[EventType "swiss"]
[EventRounds "7"]
[EventCountry "GER"]
[SourceTitle "EXT 2022"]
[Source "ChessBase"]
[SourceDate "2021.10.06"]
[SourceVersion "1"]
[SourceVersionDate "2021.10.06"]
[SourceQuality "1"]

1. e4 c5 2. Nf3 e6 3. d4 cxd4 4. Nxd4 Nf6 5. Nc3 d6 6. Bd3 a6 7. a4 b6 8. 0-0 Qc7 9. Re1 Be7 10. b3 Qxc3 11. Be3 Qc7 12. Qf3 Bb7 13. Rec1 0-0 14. c4 Nc6 15. Nxc6 Bxc6 16. Bd2 Rfd8 17. Ra2 Qb7 18. Re1 b5 19. axb5 axb5 20. Rxa8 Rxa8 21. cxb5 Bxb5 22. Bxb5 Qxb5 23. e5 Nd5 24. Qg3 dxe5 25. Qxe5 Qxb3 26. Bc1 Qc3 27. Bb2 Qxe5 28. Bxe5 f6 0-1